|
|
|
|
| LEADER |
00000ckm a2200000 a 4500 |
| 001 |
vtls010268286 |
| 003 |
SK-MaSNL |
| 005 |
20260301150228.0 |
| 007 |
kf bo |
| 008 |
231214q1902 xo g k|hun |
| 015 |
|
|
|a SNBG1902
|
| 035 |
|
|
|a C4BA8DE1-8F59-4AE3-96BC-1F37F851131B
|
| 035 |
|
|
|a urn:nbn:sk:snk-kmxvpv
|
| 035 |
|
|
|a urn:nbn:sk:snk-km007bp7
|
| 040 |
|
|
|a SNK
|b slo
|c SNK
|e AACR2
|
| 041 |
0 |
|
|a hun
|
| 043 |
|
|
|a e-xo---
|
| 044 |
|
|
|a xo
|c SK
|
| 072 |
|
7 |
|a 913
|x Regionálna geografia
|2 konspekt
|
| 080 |
|
|
|a 655.3.066.32:94
|2 2001
|
| 080 |
|
|
|a 913(437.6)
|2 2001
|
| 080 |
|
|
|a (089.7)
|2 2001
|
| 080 |
|
|
|a (437.614)
|2 2008
|
| 245 |
0 |
0 |
|a Üdvözlet Léváról I
|h grafika
|b Varrom
|
| 260 |
|
|
|a Léva
|b Nyitrai és Társa tulajdona
|c [1902?]
|
| 300 |
|
|
|a 1 pohľadnica
|b čiernobiela
|c 9 x 14 cm
|
| 520 |
8 |
|
|a Zobrazenie: pohľad na hrad od cesty na ktorej stoja v popredí 3 ženy
|
| 610 |
2 |
7 |
|a Levický hrad (Levice, Slovensko)
|2 SNKKA
|9 165031
|
| 650 |
0 |
7 |
|a hrady
|2 SNKPH
|9 3039
|
| 651 |
|
7 |
|a Slovensko
|2 SNKPH
|
| 651 |
|
7 |
|a Levice (Slovensko)
|2 SNKPH
|9 55713
|
| 655 |
|
7 |
|a miestne pohľadnice
|2 SNKPH
|9 70510
|
| 655 |
|
7 |
|a historické pohľadnice
|2 SNKPH
|9 159703
|
| 752 |
|
|
|a Slovensko
|d Levice
|
| 852 |
|
|
|a Slovenská národná knižnica
|
| 958 |
|
|
|a GBN
|
| 958 |
|
|
|a ONDV
|
| 958 |
|
|
|a GC
|
| 999 |
|
|
|c 782843
|d 784773
|
| 952 |
|
|
|a SNK
|b SNK
|y PREZ
|7 0
|p 17A0692392
|o snkSP 2499/a
|i snk1738/86
|z Pohľadnica prešla poštou.
|0 0
|1 0
|4 0
|d 2011-04-05
|f 1
|l 0
|r 2026-02-24 01:10:09
|w 2026-02-24
|